Tilastot visalle Lähimpänä Etelämannerta sijaitsevat valtiot kartalla

Klikkaa tästä pelataksesi tätä visaa!

Yleistilastot

  • Tätä visaa on pelattu 569 kertaa
  • Keskiarvotulos 18 / 20

Vastaukset kartalla

Vastauksille on annettu kartalla punavihreä väri sen mukaan, kuinka moni on saanut sen oikein.
 

Vastaustilastot

Etäisyys (km)Valtio% Oikein
1023Argentiina
99%
2518Australia
98%
3292Brasilia
98%
1005Chile
98%
3856Etelä-Afrikka
98%
4513Madagaskar
96%
2484Uusi-Seelanti
96%
5094Peru
95%
3151Uruguay
95%
4523Bolivia
94%
3978Paraguay
94%
4236Lesotho
88%
4513Namibia
87%
4646Mosambik
86%
4597Swazimaa
84%
5070Zimbabwe
84%
4714Botswana
81%
5052Mauritius
75%
5576Malawi
74%
5438Vanuatu
61%

Tulosjakauma

Persentiili vastausten määrän mukaan

Jokaisen tuloksen saaneiden osuus

Tuloshistoriasi

Et ole pelannut tätä visaa